00812nam a2200205Ia 4500003000900000008004100009020001800050040001600068080001200084111006900096245022000165260003800385300001600423650002900439650001400468650004100482650002900523700002000552710003400572IN-BaIIA211028s9999 xx 000 0 eng d a981-02-1514-2 cIIA Library a52bFRO aWorkshop on Frontiers of AstronomycChinad1992 Oct. 30 - Nov. 6 0aFrontiers of astronomy in 1990sbproceedings of a workshop on frontiers of astronomy in 1990s held in Beijing, P. R. China, 30 October-6 November 1992cedited by Li. Qibin  aSingaporebWorld Scientificc1993 axiii, 217p. aAstronomical instruments aAstronomy aAstronomy and astrophysics thesaurus aHigh energy astrophysics aQibin, Li., ed. aUnited Laboratory for Optical